[Event "36. Copenhagen Open (Politiken Cup)"]
[Site "Elsinore"]
[Date "2014.07.28"]
[Round "9"]
[White "Andersen, Dag"]
[Black "Skjoldager, Per"]
[Result "0-1"]
[WhiteElo "1862"]
[BlackElo "2131"]
[PlyCount "104"]
[EventDate "2014.07.21"]
[EventType "swiss"]
[EventRounds "10"]
[EventCountry "DEN"]
[Source "ChessBase"]
[SourceDate "2014.08.29"]

1. d4 Nf6 2. c4 e6 3. Nc3 d5 4. cxd5 exd5 5. Bg5 Nbd7 6. e3 Be7 7. Bd3 c6 8.
Nge2 O-O 9. O-O Re8 10. f3 Nf8 11. Qd2 Ne4 12. Nxe4 Bxg5 13. Nxg5 Qxg5 14. Nf4
Bd7 15. Rae1 Re7 16. Rf2 Rae8 17. Rfe2 Qh6 18. Bc2 Ne6 19. Nd3 Nxd4 20. exd4
Qxd2 21. Rxd2 Rxe1+ 22. Nxe1 Rxe1+ 23. Kf2 Re7 24. b4 h6 25. Bd3 g6 26. a4 Kg7
27. Rc2 Kf6 28. b5 Ke6 29. Ke2 Kd6+ 30. Kd2 b6 31. bxc6 Bxc6 32. Bb5 Rc7 33.
Rb2 Bxb5 34. axb5 Rc4 35. Kd3 Ra4 36. Kc3 Ra3+ 37. Kd2 a6 38. bxa6 Rxa6 39. Rc2
Ra4 40. Kd3 Ra3+ 41. Kd2 b5 42. f4 Ke6 43. g4 Rh3 44. Rc6+ Kd7 45. Rf6 Rxh2+
46. Kc3 Ke7 47. Rb6 Rf2 48. f5 gxf5 49. gxf5 h5 50. f6+ Rxf6 51. Rxb5 Rf5 52.
Rb8 Kf6 0-1

[Event "36. Copenhagen Open (Politiken Cup)"]
[Site "Elsinore"]
[Date "2014.07.28"]
[Round "9"]
[White "Andersen, Daniel"]
[Black "Hansen, Tommy"]
[Result "1-0"]
[WhiteElo "1967"]
[BlackElo "1797"]
[PlyCount "67"]
[EventDate "2014.07.21"]
[EventType "swiss"]
[EventRounds "10"]
[EventCountry "DEN"]
[Source "ChessBase"]
[SourceDate "2014.08.29"]

1. c4 Nf6 2. Nc3 c5 3. Nf3 e6 4. e3 d5 5. d4 Nc6 6. a3 Be7 7. dxc5 Bxc5 8. b4
Be7 9. cxd5 exd5 10. Be2 O-O 11. O-O Be6 12. Bb2 Rc8 13. Rc1 Ng4 14. h3 Nf6 15.
Qd3 Qd7 16. Nd4 Ne5 17. Qb5 a6 18. Qb6 Nc4 19. Bxc4 Bd8 20. Qa7 Rxc4 21. b5 Bc7
22. bxa6 bxa6 23. Qxa6 Bxh3 24. Nxd5 Qxd5 25. gxh3 Rxd4 26. Bxd4 Qg5+ 27. Kh1
Bb8 28. Qc6 Qh4 29. Qg2 Nh5 30. Rc5 f5 31. Qf3 f4 32. Qxh5 Qe7 33. Rg1 g6 34.
Rxg6+ 1-0

[Event "36. Copenhagen Open (Politiken Cup)"]
[Site "Elsinore"]
[Date "2014.07.28"]
[Round "9"]
[White "Andersen, Guttorm"]
[Black "Nielsen, Klaus"]
[Result "0-1"]
[WhiteElo "1845"]
[BlackElo "2067"]
[PlyCount "94"]
[EventDate "2014.07.21"]
[EventType "swiss"]
[EventRounds "10"]
[EventCountry "DEN"]
[Source "ChessBase"]
[SourceDate "2014.08.29"]

1. c4 c5 2. g3 g6 3. Nf3 Bg7 4. Bg2 Nc6 5. Nc3 d6 6. O-O Bg4 7. d3 Qd7 8. Be3
e5 9. Qd2 h5 10. Ng5 f6 11. Nge4 Nge7 12. f3 Be6 13. a3 Nf5 14. Bf2 Nfd4 15.
Rab1 Qe7 16. b4 cxb4 17. axb4 Bh6 18. Be3 Bxe3+ 19. Qxe3 Nxb4 20. Nb5 Nxb5 21.
Rxb4 Nd4 22. Rxb7 Bd7 23. f4 Nf5 24. Qf2 a5 25. fxe5 Qxe5 26. Qb6 Rd8 27. Bh3
O-O 28. Bg2 Be6 29. Rb1 Nd4 30. e3 Nc2 31. d4 Qf5 32. Rf1 Qg4 33. Qb3 Qe2 34.
Rf2 Qe1+ 35. Bf1 Nxe3 36. Nxf6+ Rxf6 37. Rxf6 Bf5 38. c5+ d5 39. Qb5 Ng4 40.
Rxf5 Qe3+ 41. Kg2 gxf5 42. Qb2 Re8 43. c6 f4 44. gxf4 Qxf4 45. Kg1 Qe3+ 46. Kg2
Rf8 47. Rb8 Qf3+ 0-1

[Event "36. Copenhagen Open (Politiken Cup)"]
[Site "Elsinore"]
[Date "2014.07.28"]
[Round "9"]
[White "Andersen, Morten"]
[Black "Karlsson, Ulf"]
[Result "0-1"]
[WhiteElo "2143"]
[BlackElo "1994"]
[PlyCount "62"]
[EventDate "2014.07.21"]
[EventType "swiss"]
[EventRounds "10"]
[EventCountry "DEN"]
[Source "ChessBase"]
[SourceDate "2014.08.29"]

1. e4 c5 2. Nf3 Nc6 3. Bb5 e6 4. Bxc6 bxc6 5. b3 d6 6. e5 d5 7. O-O Ba6 8. d3
c4 9. dxc4 dxc4 10. Qe2 Qb6 11. bxc4 Ne7 12. Ba3 c5 13. Nbd2 Nf5 14. Rab1 Qa5
15. Qe4 Rc8 16. Rb3 Be7 17. Rfb1 O-O 18. Bc1 Qc7 19. g4 Nd4 20. Nxd4 cxd4 21.
Rh3 g6 22. Rbb3 Qc6 23. Qf4 f5 24. Qh6 Rf7 25. gxf5 exf5 26. Rbg3 Bb7 27. Nf3
Rg7 28. Bb2 Qxc4 29. Nxd4 Qd5 30. f3 Rxc2 31. Rg2 Rxb2 0-1

[Event "36. Copenhagen Open (Politiken Cup)"]
[Site "Elsinore"]
[Date "2014.07.28"]
[Round "9"]
[White "Andersen, Rune Egede"]
[Black "Hoti, Nimon"]
[Result "1-0"]
[WhiteElo "2132"]
[BlackElo "1887"]
[PlyCount "95"]
[EventDate "2014.07.21"]
[EventType "swiss"]
[EventRounds "10"]
[EventCountry "DEN"]
[Source "ChessBase"]
[SourceDate "2014.08.29"]

1. e4 e5 2. Nf3 Nc6 3. d4 exd4 4. Bc4 Be7 5. c3 dxc3 6. Qd5 Nh6 7. Bxh6 O-O 8.
Nxc3 gxh6 9. Qh5 Bf6 10. Qxh6 Bg7 11. Qh5 h6 12. h4 d6 13. O-O-O Qf6 14. Rd2
Ne7 15. Nd4 c6 16. f3 b5 17. Bb3 a5 18. g4 a4 19. Bc2 Ng6 20. Nxc6 b4 21. Nxb4
a3 22. Nbd5 Qxf3 23. Rg1 Nf4 24. Bd1 Qxd1+ 25. Kxd1 Nxh5 26. gxh5 Kh8 27. bxa3
Rxa3 28. Nb5 Ra6 29. Ndc7 Rc6 30. Nd5 Bb7 31. Ne7 Rb6 32. Rdg2 Be5 33. Na3 Bxe4
34. Rg8+ Rxg8 35. Rxg8+ Kh7 36. Nc4 Rb1+ 37. Ke2 Bf6 38. Re8 d5 39. Nc6 Bxh4
40. a4 dxc4 41. Rxe4 Re1+ 42. Kf3 Rxe4 43. Kxe4 Bf2 44. a5 Kg7 45. a6 Bc5 46.
Ne5 c3 47. Kd3 Kf6 48. Nd7+ 1-0

[Event "36. Copenhagen Open (Politiken Cup)"]
[Site "Elsinore"]
[Date "2014.07.28"]
[Round "9"]
[White "Astrom, Lars"]
[Black "Skou, Niels"]
[Result "1-0"]
[WhiteElo "1939"]
[BlackElo "2141"]
[PlyCount "61"]
[EventDate "2014.07.21"]
[EventType "swiss"]
[EventRounds "10"]
[EventCountry "DEN"]
[Source "ChessBase"]
[SourceDate "2014.08.29"]

1. e4 d6 2. d4 g6 3. Nf3 Bg7 4. Bc4 e6 5. Bb3 b6 6. O-O Ne7 7. Re1 O-O 8. Nbd2
Nd7 9. Nf1 Bb7 10. Ng3 c5 11. c3 Rc8 12. h4 h6 13. Be3 Nf6 14. Bc2 Ng4 15. h5
Nxe3 16. Rxe3 f5 17. exf5 exf5 18. Re1 g5 19. dxc5 bxc5 20. Re6 d5 21. Qe2 Rc7
22. Re1 f4 23. Rxe7 Rxe7 24. Qxe7 fxg3 25. Qe6+ Kh8 26. Qg6 Kg8 27. Qh7+ Kf7
28. Qg6+ Kg8 29. fxg3 d4 30. Qh7+ Kf7 31. Ne5+ 1-0

[Event "36. Copenhagen Open (Politiken Cup)"]
[Site "Elsinore"]
[Date "2014.07.28"]
[Round "9"]
[White "Beshukov, Sergei"]
[Black "Buchal, Stephan"]
[Result "1/2-1/2"]
[WhiteElo "2423"]
[BlackElo "2295"]
[PlyCount "26"]
[EventDate "2014.07.21"]
[EventType "swiss"]
[EventRounds "10"]
[EventCountry "DEN"]
[Source "ChessBase"]
[SourceDate "2014.08.29"]

1. e4 g6 2. Nc3 Bg7 3. f4 c6 4. Nf3 d5 5. e5 Nh6 6. d4 O-O 7. Be3 f6 8. Bd3 Bg4
9. Be2 Nd7 10. Nd2 fxe5 11. dxe5 e6 12. g3 Bxe2 13. Qxe2 c5 1/2-1/2

[Event "36. Copenhagen Open (Politiken Cup)"]
[Site "Elsinore"]
[Date "2014.07.28"]
[Round "9"]
[White "Bohman, Leif"]
[Black "Robertsen, Bjorn"]
[Result "0-1"]
[WhiteElo "1866"]
[BlackElo "1594"]
[PlyCount "54"]
[EventDate "2014.07.21"]
[EventType "swiss"]
[EventRounds "10"]
[EventCountry "DEN"]
[Source "ChessBase"]
[SourceDate "2014.08.29"]

1. d4 Nf6 2. Bf4 d5 3. e3 Bf5 4. Nd2 c5 5. Ngf3 e6 6. c3 Nc6 7. Be2 cxd4 8.
exd4 Bd6 9. Ne5 Qc7 10. Ndf3 Nh5 11. Be3 Nf6 12. Qa4 O-O 13. Nxc6 bxc6 14. h3
Rab8 15. b4 Ra8 16. Qd1 a5 17. a3 Ne4 18. Bd2 Bf4 19. O-O Bxd2 20. Nxd2 Nxc3
21. Qe1 axb4 22. Nb3 Nxe2+ 23. Qxe2 Rxa3 24. Qb2 Rfa8 25. Rfc1 Bd3 26. Rxa3
bxa3 27. Qc3 Bc4 0-1

[Event "36. Copenhagen Open (Politiken Cup)"]
[Site "Elsinore"]
[Date "2014.07.28"]
[Round "9"]
[White "Boukhris, Yacine"]
[Black "Henningsen, Lasse"]
[Result "1-0"]
[WhiteElo "2073"]
[BlackElo "1830"]
[PlyCount "96"]
[EventDate "2014.07.21"]
[EventType "swiss"]
[EventRounds "10"]
[EventCountry "DEN"]
[Source "ChessBase"]
[SourceDate "2014.08.29"]

1. e4 e5 2. Bc4 Nf6 3. Nc3 Nxe4 4. Qh5 Nd6 5. Bb3 Be7 6. Nf3 Nc6 7. Nxe5 Nxe5
8. Qxe5 O-O 9. O-O c6 10. d4 Ne8 11. d5 d6 12. Qg3 c5 13. Re1 Nf6 14. Bg5 Bf5
15. Re2 a6 16. f4 Nh5 17. Qf3 Nf6 18. h3 h6 19. Bh4 b5 20. Rae1 Re8 21. Bxf6
gxf6 22. a3 Bd7 23. f5 Bf8 24. Rxe8 Bxe8 25. Ne4 c4 26. Ba2 Bg7 27. Qg4 Bd7 28.
Kh1 Qe7 29. Re3 Kh8 30. Qf4 Re8 31. b3 cxb3 32. Bxb3 Qe5 33. Qxe5 Rxe5 34. g4
h5 35. Re2 Bh6 36. Nc3 Bc1 37. Rxe5 dxe5 38. a4 Bd2 39. Ne4 bxa4 40. Nxd2 axb3
41. cxb3 hxg4 42. hxg4 Kg8 43. Ne4 Kf8 44. Nxf6 Ke7 45. Nxd7 Kxd7 46. g5 Ke7
47. Kg2 Kd6 48. g6 fxg6 1-0

[Event "36. Copenhagen Open (Politiken Cup)"]
[Site "Elsinore"]
[Date "2014.07.28"]
[Round "9"]
[White "Bratveit, Kristoffer"]
[Black "Starup, Leo"]
[Result "1/2-1/2"]
[WhiteElo "1724"]
[BlackElo "1594"]
[PlyCount "46"]
[EventDate "2014.07.21"]
[EventType "swiss"]
[EventRounds "10"]
[EventCountry "DEN"]
[Source "ChessBase"]
[SourceDate "2014.08.29"]

1. e4 c6 2. d4 d5 3. e5 Bf5 4. Bd3 Bxd3 5. Qxd3 e6 6. Nd2 Bb4 7. c3 Ba5 8. Ne2
Ne7 9. O-O O-O 10. Nf3 h6 11. b4 Bc7 12. Ng3 Nd7 13. Nh5 Nf5 14. g4 Nh4 15. g5
Nxf3+ 16. Qxf3 hxg5 17. Qg4 g6 18. Bxg5 gxh5 19. Bxd8+ hxg4 20. Bxc7 Kh7 21. f4
Rg8 22. Kf2 Kg6 23. a4 Kf5 1/2-1/2

[Event "36. Copenhagen Open (Politiken Cup)"]
[Site "Elsinore"]
[Date "2014.07.28"]
[Round "9"]
[White "Brorsen, Jacob Abildlund"]
[Black "Svedberg, Hans"]
[Result "1-0"]
[WhiteElo "2179"]
[BlackElo "1997"]
[PlyCount "107"]
[EventDate "2014.07.21"]
[EventType "swiss"]
[EventRounds "10"]
[EventCountry "DEN"]
[Source "ChessBase"]
[SourceDate "2014.08.29"]

1. e4 d6 2. d4 Nf6 3. Nc3 e5 4. Nf3 Nbd7 5. Bc4 Be7 6. O-O O-O 7. h3 a6 8. a4
b6 9. Qe2 c6 10. Rd1 Qc7 11. Bb3 Rb8 12. Qe3 Nh5 13. Ne2 exd4 14. Nexd4 Nc5 15.
Bc4 b5 16. axb5 axb5 17. Bf1 Nf6 18. Nd2 Re8 19. Qf3 Bf8 20. e5 dxe5 21. Qxc6
Qd8 22. N4b3 Bb7 23. Qxb5 Bf3 24. gxf3 Rxb5 25. Bxb5 Nxb3 26. cxb3 Re6 27. Re1
Nd5 28. Ne4 Qh4 29. Bf1 Re8 30. Ra4 Qh5 31. Kg2 h6 32. Bd3 f5 33. Ng3 Qf7 34.
Bxf5 Kh8 35. Bd3 Nf6 36. Bc4 Qg6 37. Ra6 Qc2 38. Bxh6 Qxb2 39. Bg5 Be7 40. Re2
Qd4 41. Re6 Bf8 42. Bxf6 Rxe6 43. Bxg7+ Bxg7 44. Bxe6 Qd6 45. Bc4 Bh6 46. Ra2
Qd8 47. Ra6 Qd2 48. Rg6 Kh7 49. Rg4 Bf8 50. Ne4 Qc2 51. Bg8+ Kh6 52. Bf7 Be7
53. Rg8 Kh7 54. Bg6+ 1-0

[Event "36. Copenhagen Open (Politiken Cup)"]
[Site "Elsinore"]
[Date "2014.07.28"]
[Round "9"]
[White "Brouwer, Rein"]
[Black "Olsson, Tomas"]
[Result "1-0"]
[WhiteElo "2035"]
[BlackElo "1872"]
[PlyCount "93"]
[EventDate "2014.07.21"]
[EventType "swiss"]
[EventRounds "10"]
[EventCountry "DEN"]
[Source "ChessBase"]
[SourceDate "2014.08.29"]

1. d4 Nf6 2. c4 g6 3. Nc3 Bg7 4. e4 d6 5. Nf3 O-O 6. h3 e5 7. d5 Nbd7 8. Be3
Nc5 9. Nd2 a5 10. g4 c6 11. Be2 cxd5 12. cxd5 Bd7 13. g5 Ne8 14. h4 Nc7 15. Nc4
Nb5 16. Nxb5 Bxb5 17. Bxc5 dxc5 18. Qb3 Bxc4 19. Qxc4 Qd6 20. Rc1 Rfc8 21. Qb5
b6 22. Bg4 Rc7 23. Rc3 a4 24. Rf3 Kf8 25. h5 c4 26. a3 Ra5 27. Qb4 Qxb4+ 28.
axb4 Rb5 29. hxg6 hxg6 30. d6 Ra7 31. d7 Ra8 32. Be6 Ke7 33. Bxc4 Rxb4 34.
Rxf7+ Kd6 35. Bd5 Rd8 36. Rxg7 Rxd7 37. Rxg6+ Kc5 38. Rc6+ Kd4 39. O-O Kd3 40.
f4 exf4 41. Rxf4 Rxb2 42. Rf3+ Kd4 43. Rc4+ Ke5 44. Rf5+ Kd6 45. Rc6+ Ke7 46.
Rf7+ Kd8 47. g6 1-0

[Event "36. Copenhagen Open (Politiken Cup)"]
[Site "Elsinore"]
[Date "2014.07.28"]
[Round "9"]
[White "Carnstam, Tomas"]
[Black "Andersson, Thorbjorn"]
[Result "1-0"]
[WhiteElo "2097"]
[BlackElo "1950"]
[PlyCount "81"]
[EventDate "2014.07.21"]
[EventType "swiss"]
[EventRounds "10"]
[EventCountry "DEN"]
[Source "ChessBase"]
[SourceDate "2014.08.29"]

1. c4 g6 2. Nc3 Bg7 3. g3 Nf6 4. Bg2 O-O 5. d4 d6 6. Nf3 Nbd7 7. O-O c6 8. Ne1
e5 9. e3 Qc7 10. Nd3 Ne8 11. dxe5 Nxe5 12. Nxe5 dxe5 13. e4 Be6 14. Qe2 f5 15.
f4 Nd6 16. c5 Nxe4 17. Nxe4 fxe4 18. Bxe4 Rae8 19. Rd1 exf4 20. Bxf4 Rxf4 21.
gxf4 Qxf4 22. Rf1 Qe5 23. Bf3 Qxc5+ 24. Kh1 Bf7 25. Qg2 a5 26. Rac1 Qb6 27. b3
Rd8 28. Rcd1 Rxd1 29. Rxd1 Qc7 30. Qd2 Bf6 31. Qd6 Qxd6 32. Rxd6 Be5 33. Rd7
Bc3 34. Rxb7 Bd5 35. Kg2 Bxf3+ 36. Kxf3 c5 37. Ke4 h6 38. Kd5 Bb4 39. Ke6 Bc3
40. Rb5 Bb4 41. Kf6 1-0

[Event "36. Copenhagen Open (Politiken Cup)"]
[Site "Elsinore"]
[Date "2014.07.28"]
[Round "9"]
[White "Carstensen, Jacob"]
[Black "Gajic, Mladen"]
[Result "1-0"]
[WhiteElo "2375"]
[BlackElo "2201"]
[PlyCount "89"]
[EventDate "2014.07.21"]
[EventType "swiss"]
[EventRounds "10"]
[EventCountry "DEN"]
[Source "ChessBase"]
[SourceDate "2014.08.29"]

1. d4 Nf6 2. c4 c5 3. d5 e6 4. Nc3 exd5 5. cxd5 d6 6. Nf3 g6 7. Nd2 Bg7 8. e4
O-O 9. Be2 Re8 10. O-O a6 11. a4 Nbd7 12. Re1 Qc7 13. Ra3 b6 14. f4 Rb8 15. Bc4
Nh5 16. Nf3 Bxc3 17. Rxc3 b5 18. Bf1 c4 19. axb5 axb5 20. b4 Nb6 21. Nd4 Na4
22. Rce3 Bd7 23. Qf3 Qb6 24. Rd1 Nf6 25. h3 Rxe4 26. Rxe4 Nxe4 27. Qxe4 Nc3 28.
Qf3 Nxd1 29. Qxd1 c3 30. Be3 Re8 31. Qd3 Qb7 32. Qxc3 Qxd5 33. Be2 Rc8 34. Qd2
Qb7 35. f5 Qe4 36. Bf3 Qb1+ 37. Kh2 Rc4 38. Bd5 Rxb4 39. fxg6 hxg6 40. Qf2 Bf5
41. Qh4 Qf1 42. Qf6 Bd3 43. Bxf7+ Kh7 44. Bxg6+ Kg8 45. Nf5 1-0

[Event "36. Copenhagen Open (Politiken Cup)"]
[Site "Elsinore"]
[Date "2014.07.28"]
[Round "9"]
[White "Christensen, Thomas2"]
[Black "Green, Per"]
[Result "1-0"]
[WhiteElo "2139"]
[BlackElo "1984"]
[PlyCount "75"]
[EventDate "2014.07.21"]
[EventType "swiss"]
[EventRounds "10"]
[EventCountry "DEN"]
[Source "ChessBase"]
[SourceDate "2014.08.29"]

1. e4 e6 2. d4 d5 3. Nc3 Bb4 4. exd5 exd5 5. Bd3 c6 6. Nge2 Bg4 7. O-O Ne7 8.
f3 Bf5 9. Ng3 Bxd3 10. Qxd3 Qd6 11. Nce2 Ba5 12. Bf4 Qg6 13. Qa3 Bb6 14. Bd6
Nc8 15. Be5 Nd7 16. f4 f5 17. Rae1 Kf7 18. Kh1 Re8 19. Qd3 Ne7 20. Ng1 Kg8 21.
Nf3 Qg4 22. Bd6 Ng6 23. Qxf5 Nf6 24. Ne5 Qxf5 25. Nxf5 Ne4 26. c3 Rad8 27. Ba3
Re6 28. Ng3 Nxg3+ 29. hxg3 Nh8 30. f5 Rh6+ 31. Kg1 Bc7 32. Ng4 Rh5 33. Re7 Bxg3
34. f6 Rg5 35. f7+ Nxf7 36. Rexf7 h5 37. Ne5 h4 38. R1f5 1-0

[Event "36. Copenhagen Open (Politiken Cup)"]
[Site "Elsinore"]
[Date "2014.07.28"]
[Round "9"]
[White "Christiansen, Niels Jorgen"]
[Black "Jensen, Ib"]
[Result "0-1"]
[WhiteElo "1664"]
[BlackElo "1982"]
[PlyCount "132"]
[EventDate "2014.07.21"]
[EventType "swiss"]
[EventRounds "10"]
[EventCountry "DEN"]
[Source "ChessBase"]
[SourceDate "2014.08.29"]

1. d4 d5 2. c4 Nc6 3. e3 Nf6 4. Nc3 Bf5 5. a3 e6 6. Nf3 Be7 7. Be2 O-O 8. Nh4
Bg6 9. Nxg6 hxg6 10. cxd5 exd5 11. Bf3 Re8 12. O-O Bf8 13. b4 Ne7 14. e4 Nxe4
15. Nxe4 dxe4 16. Bxe4 Nd5 17. Qf3 c6 18. Bb2 Nf6 19. Bd3 a6 20. Rac1 Qd6 21.
Rfe1 Nd5 22. Bc4 Be7 23. Re2 Bf6 24. Rce1 Rxe2 25. Rxe2 Rd8 26. g3 Nb6 27. Bb3
Kf8 28. Re1 Re8 29. Re4 Re7 30. Qe2 Rxe4 31. Qxe4 Qe7 32. f3 Nc8 33. Qxe7+ Kxe7
34. Kf2 Nd6 35. g4 Nb5 36. Ke3 Nc7 37. Ke4 Ne6 38. f4 Bh4 39. d5 cxd5+ 40. Bxd5
b6 41. Bxe6 Kxe6 42. f5+ gxf5+ 43. gxf5+ Kd6 44. Bxg7 Be1 45. Bf8+ Kc6 46. Be7
Kd7 47. Bf6 Ke8 48. h4 Kf8 49. h5 Kg8 50. h6 Kh7 51. Bg7 Bd2 52. Kd5 b5 53. Kc6
Bc1 54. Kb6 Bxa3 55. Kxa6 Bxb4 56. f6 Bd2 57. Kxb5 Bxh6 58. Bxh6 Kxh6 59. Kc4
Kg6 60. Kd4 Kxf6 61. Ke3 Kf5 62. Kf2 Kf4 63. Kf1 Kf3 64. Ke1 f5 65. Kf1 f4 66.
Kg1 Ke2 0-1

[Event "36. Copenhagen Open (Politiken Cup)"]
[Site "Elsinore"]
[Date "2014.07.28"]
[Round "9"]
[White "Cornette, Matthieu"]
[Black "Schroeder, Jan Christian"]
[Result "0-1"]
[WhiteElo "2532"]
[BlackElo "2370"]
[PlyCount "106"]
[EventDate "2014.07.21"]
[EventType "swiss"]
[EventRounds "10"]
[EventCountry "DEN"]
[Source "ChessBase"]
[SourceDate "2014.08.29"]

1. d4 d5 2. c4 e6 3. Nf3 Nf6 4. g3 Be7 5. Bg2 O-O 6. O-O dxc4 7. Qc2 a6 8. a4
Bd7 9. Qxc4 Bc6 10. Bg5 Bd5 11. Qd3 c5 12. Nc3 Bc6 13. Rfd1 cxd4 14. Nxd4 Bxg2
15. Kxg2 Nbd7 16. Qf3 Qa5 17. Bxf6 Bxf6 18. Nb3 Qc7 19. Ne4 Bxb2 20. Rab1 Ne5
21. Qf4 Qc2 22. Nbc5 Rad8 23. Nd3 Nxd3 24. exd3 Rd7 25. d4 h6 26. Nc5 Rxd4 27.
Rxd4 Bxd4 28. Rc1 Qb2 29. Nd3 Qb6 30. a5 Qd8 31. Qe4 Qd7 32. Rb1 Qc6 33. Kf3 f5
34. Qxc6 bxc6 35. Rb7 c5 36. Nf4 Re8 37. h4 g5 38. Ng6 Bf6 39. h5 Rc8 40. Ke2
c4 41. Ne7+ Bxe7 42. Rxe7 c3 43. Kd1 c2+ 44. Kc1 Rc6 45. Rb7 Rc5 46. Rb6 Kf7
47. Rxa6 Kf6 48. Ra8 Ke5 49. a6 g4 50. a7 Rc7 51. Rh8 Rxa7 52. Rxh6 Ra1+ 53.
Kxc2 Ra2+ 0-1

[Event "36. Copenhagen Open (Politiken Cup)"]
[Site "Elsinore"]
[Date "2014.07.28"]
[Round "9"]
[White "Degerfeldt, Sven"]
[Black "Markussen, Benno Orvad"]
[Result "1-0"]
[WhiteElo "1920"]
[BlackElo "1732"]
[PlyCount "123"]
[EventDate "2014.07.21"]
[EventType "swiss"]
[EventRounds "10"]
[EventCountry "DEN"]
[Source "ChessBase"]
[SourceDate "2014.08.29"]

1. d4 f5 2. g3 e6 3. Bg2 Nf6 4. Nf3 c6 5. O-O Be7 6. c4 d5 7. Qc2 O-O 8. b3 Ne4
9. e3 Nd7 10. Bb2 Ndf6 11. Ne5 Bd7 12. f3 Nd6 13. Nd2 Nf7 14. Rae1 Nxe5 15.
dxe5 Ne8 16. Kh1 Nc7 17. f4 Rc8 18. Rd1 Be8 19. Bf3 g5 20. a3 g4 21. Bg2 Bg6
22. c5 Qe8 23. b4 h5 24. Kg1 Kg7 25. Kf2 h4 26. Rh1 Rh8 27. Nb3 a6 28. Qd3 Qf7
29. Rc1 Rh6 30. Nd4 Nb5 31. Ne2 Rch8 32. a4 Nc7 33. Bd4 Qe8 34. Nc3 R8h7 35.
Qb1 Qa8 36. Qa1 Rh8 37. Rb1 Be8 38. Qb2 Bd7 39. Ra1 Qd8 40. Qc2 Qe8 41. Rac1
hxg3+ 42. hxg3 Rxh1 43. Rxh1 Rxh1 44. Bxh1 Qa8 45. Bg2 a5 46. b5 cxb5 47. Nxd5
Nxd5 48. Bxd5 b4 49. Bg2 Qc8 50. e4 Kg6 51. exf5+ exf5 52. Bd5 Bc6 53. Qc4 Qf8
54. Bxc6 bxc6 55. Qe6+ Kh5 56. Qxc6 b3 57. Ke2 Qb8 58. Qe6 b2 59. Qxf5+ Kh6 60.
Qe6+ Kh5 61. f5 Qe8 62. Bxb2 1-0

[Event "36. Copenhagen Open (Politiken Cup)"]
[Site "Elsinore"]
[Date "2014.07.28"]
[Round "9"]
[White "Dyrnes, Jussi"]
[Black "Justinussen, Sigurd B"]
[Result "0-1"]
[WhiteElo "1834"]
[BlackElo "1978"]
[PlyCount "74"]
[EventDate "2014.07.21"]
[EventType "swiss"]
[EventRounds "10"]
[EventCountry "DEN"]
[Source "ChessBase"]
[SourceDate "2014.08.29"]

1. d4 d5 2. Nc3 e6 3. e4 Bb4 4. e5 c5 5. a3 Ba5 6. Nf3 Nc6 7. Be2 cxd4 8. b4
Bc7 9. Nb5 Nxe5 10. Nfxd4 Ng6 11. Bg5 f6 12. Nxc7+ Qxc7 13. Nb5 Qd8 14. Be3 a6
15. Nc3 Bd7 16. Bh5 N8e7 17. O-O O-O 18. a4 Rc8 19. Qe1 Qc7 20. Ra3 Qe5 21.
Bxg6 Nxg6 22. f4 Qc7 23. Bc5 Rfe8 24. Qf2 Bc6 25. Ne2 Qd7 26. Rd3 Bxa4 27. c4
b6 28. Bxb6 Rxc4 29. Rd2 Rxb4 30. h4 Bb5 31. Bc5 Re4 32. h5 Bxe2 33. hxg6 Bxf1
34. gxh7+ Kxh7 35. Qxf1 Qb5 36. Qf2 Qb1+ 37. Kh2 Qe1 0-1

[Event "36. Copenhagen Open (Politiken Cup)"]
[Site "Elsinore"]
[Date "2014.07.28"]
[Round "9"]
[White "Egholm, Leif"]
[Black "Langer, Peter"]
[Result "1/2-1/2"]
[WhiteElo "1718"]
[BlackElo "1546"]
[PlyCount "50"]
[EventDate "2014.07.21"]
[EventType "swiss"]
[EventRounds "10"]
[EventCountry "DEN"]
[Source "ChessBase"]
[SourceDate "2014.08.29"]

1. e4 c5 2. b4 cxb4 3. d4 e6 4. a3 Qb6 5. axb4 Bxb4+ 6. c3 Be7 7. Bd3 Nf6 8.
Ne2 d6 9. Na3 Bd7 10. Rb1 Qc7 11. O-O a6 12. Nc2 O-O 13. Bd2 Bc6 14. Ng3 Nbd7
15. f4 Rfd8 16. Ne1 Nf8 17. e5 dxe5 18. fxe5 Nd5 19. c4 Nb6 20. Qg4 Ng6 21. Nf3
Nd7 22. Bxg6 hxg6 23. Bg5 Bxf3 24. Rxf3 Bxg5 25. Qxg5 Nf8 1/2-1/2

[Event "36. Copenhagen Open (Politiken Cup)"]
[Site "Elsinore"]
[Date "2014.07.28"]
[Round "9"]
[White "Englert, Fabian"]
[Black "Rasmussen, Allan Stig"]
[Result "0-1"]
[WhiteElo "2304"]
[BlackElo "2522"]
[PlyCount "60"]
[EventDate "2014.07.21"]
[EventType "swiss"]
[EventRounds "10"]
[EventCountry "DEN"]
[Source "ChessBase"]
[SourceDate "2014.08.29"]

1. e4 c6 2. Nc3 d5 3. Nf3 a6 4. d4 Bg4 5. h3 Bh5 6. exd5 cxd5 7. g4 Bg6 8. Ne5
Nc6 9. h4 Nxe5 10. dxe5 h5 11. Bd3 Bxd3 12. Qxd3 e6 13. Be3 hxg4 14. O-O-O Ne7
15. Qe2 Rc8 16. Qxg4 b5 17. Kb1 Rc4 18. Qe2 Nf5 19. Bg5 Qc7 20. Nxd5 exd5 21.
Rxd5 Be7 22. e6 Bxg5 23. exf7+ Kxf7 24. Rxf5+ Bf6 25. Rd1 Qe7 26. Qd3 Rhxh4 27.
Qd5+ Qe6 28. Qb7+ Kg6 29. Rfd5 Qe4 30. Rg1+ Kh6 0-1

[Event "36. Copenhagen Open (Politiken Cup)"]
[Site "Elsinore"]
[Date "2014.07.28"]
[Round "9"]
[White "Fossan, Benjamin"]
[Black "Frederiksen Kristian, Pade"]
[Result "0-1"]
[WhiteElo "1676"]
[BlackElo "1828"]
[PlyCount "120"]
[EventDate "2014.07.21"]
[EventType "swiss"]
[EventRounds "10"]
[EventCountry "DEN"]
[Source "ChessBase"]
[SourceDate "2014.08.29"]

1. e4 e6 2. d4 c5 3. Be3 cxd4 4. Bxd4 Nc6 5. Bc3 Nf6 6. Nd2 Bc5 7. Bc4 b5 8.
Bd3 b4 9. Bxf6 Qxf6 10. Ngf3 Qxb2 11. O-O O-O 12. Re1 Ne5 13. Nc4 Nxc4 14. Bxc4
Qc3 15. Bd3 Bb7 16. e5 f5 17. Rb1 Bd5 18. Ra1 Bc6 19. Qe2 h6 20. h4 g6 21. Rab1
Bd5 22. Bb5 Rf7 23. Ra1 Rg7 24. Red1 g5 25. Rac1 g4 26. Ne1 g3 27. Nf3 gxf2+
28. Kf1 Bxf3 29. Qxf3 Qxf3 30. gxf3 Rd8 31. Bc4 Kf7 32. Ke2 Ke7 33. Rd3 Rg1 34.
Rcd1 Rxd1 35. Rxd1 Rg8 36. Bb5 Rd8 37. Bc4 d5 38. Bd3 Rg8 39. Kd2 Rg2 40. Rf1
Rh2 41. c3 Rxh4 42. cxb4 Bxb4+ 43. Ke2 Bc5 44. Rb1 Bb6 45. Kf1 Ra4 46. Rb2 Ra3
47. Ke2 Kf7 48. Bb5 Kg6 49. Rc2 h5 50. Bd7 Re3+ 51. Kxf2 Rc3+ 52. Kg3 Rxc2 53.
Bxe6 d4 54. Bb3 d3 55. e6 Kf6 56. f4 Rb2 57. Kf3 Rxb3 58. axb3 Kxe6 59. b4 h4
60. b5 h3 0-1

[Event "36. Copenhagen Open (Politiken Cup)"]
[Site "Elsinore"]
[Date "2014.07.28"]
[Round "9"]
[White "Fries Nielsen, Niels Jorgen"]
[Black "Ly, Moulthun"]
[Result "0-1"]
[WhiteElo "2297"]
[BlackElo "2466"]
[PlyCount "92"]
[EventDate "2014.07.21"]
[EventType "swiss"]
[EventRounds "10"]
[EventCountry "DEN"]
[Source "ChessBase"]
[SourceDate "2014.08.29"]

1. Nf3 c5 2. g3 Nf6 3. Bg2 g6 4. O-O Bg7 5. c4 O-O 6. Nc3 d5 7. d3 d4 8. Na4
Nfd7 9. a3 Nc6 10. Bd2 a5 11. Ne1 Qc7 12. Nc2 b6 13. b4 Bb7 14. bxc5 bxc5 15.
Rb1 Nd8 16. Ne1 Bc6 17. e3 Ne6 18. Bd5 Ra6 19. Nf3 Qd6 20. e4 Qc7 21. Bxe6 fxe6
22. Ng5 Qc8 23. Rb5 h6 24. Nh3 e5 25. Qg4 Qe8 26. Kg2 Bxb5 27. cxb5 Nf6 28. Qd1
Qxb5 29. Qc2 Rb8 30. Rc1 Nd7 31. Nxc5 Nxc5 32. Qxc5 Qxc5 33. Rxc5 Rb3 34. Bxa5
Rxa3 35. Bb4 Rb3 36. Ba5 Rxd3 37. f4 Ra3 38. Bb4 R3a4 39. Be1 Ra2+ 40. Bf2 d3
41. fxe5 d2 42. Rd5 Bxe5 43. Kf3 Rd6 44. Ke2 Rxd5 45. exd5 g5 46. Be3 d1=Q+ 0-1